[Event "VI Open Vallee d'Aoste A"]
[Site "Saint Vincent - Chatillon ITA"]
[Date "1998.02.14"]
[Round "8"]
[White "Arlandi, Ennio"]
[Black "Lanzani, Mario"]
[Result "1-0"]
[WhiteElo "2425"]
[BlackElo "2375"]
[PlyCount "157"]
[EventDate "1998.02.07"]

1. d4 e6 2. c4 Bb4+ 3. Bd2 Bxd2+ 4. Qxd2 d6 5. g3 e5 6. Nc3 Nc6 7. d5 Nce7 8.
e4 f5 9. Nge2 Nf6 10. Bg2 O-O 11. O-O fxe4 12. Nxe4 Nxe4 13. Bxe4 Bh3 14. Bg2
Bxg2 15. Kxg2 c6 16. Nc3 cxd5 17. Nxd5 Nxd5 18. Qxd5+ Kh8 19. Qxb7 Rb8 20. Qxa7
Rxb2 21. a4 Qc8 22. Qe7 h6 23. Qxd6 Qb7+ 24. Kg1 Rfxf2 25. Rxf2 Rxf2 26. Kxf2
Qb2+ 27. Kf3 Qxa1 28. Qd8+ Kh7 29. Qd3+ Kh8 30. Qc2 Qh1+ 31. Kg4 Qc6 32. c5
Qe6+ 33. Kf3 Qd5+ 34. Kf2 Qd4+ 35. Kf1 Qd5 36. Kg1 Qd4+ 37. Qf2 Qd1+ 38. Kg2
Qd5+ 39. Kh3 Qd7+ 40. g4 Qd3+ 41. Kg2 Qd5+ 42. Kg3 Kg8 43. Qe3 e4 44. Qc3 Qd1
45. c6 g5 46. Kf2 e3+ 47. Kxe3 Qxa4 48. c7 Qf4+ 49. Kd3 Qf3+ 50. Kc2 Qe2+ 51.
Kc1 Qf1+ 52. Kb2 Qe2+ 53. Qc2 Qe5+ 54. Kb3 Qb5+ 55. Ka2 Qa5+ 56. Kb1 Qe1+ 57.
Kb2 Qe5+ 58. Qc3 Qe2+ 59. Ka3 Qa6+ 60. Kb3 Qb5+ 61. Ka3 Qa6+ 62. Kb4 Qb6+ 63.
Ka4 Qa6+ 64. Qa5 Qc4+ 65. Ka3 Qd3+ 66. Kb4 Qb1+ 67. Kc5 Qc2+ 68. Kb6 Qb3+ 69.
Ka7 Qc4 70. Qb6 Kg7 71. Kb8 Qf4 72. h3 Qe5 73. Qb4 Kh7 74. Qb7 Kg7 75. Qc6 Kf7
76. Qd7+ Kg8 77. Kc8 Qa5 78. Kd8 Kf8 79. Qf5+ 1-0

[Event "VI Open Vallee d'Aoste A"]
[Site "Saint Vincent - Chatillon ITA"]
[Date "1998.02.14"]
[Round "8"]
[White "De Kleuver, Esther"]
[Black "Tatai, Stefano"]
[Result "0-1"]
[WhiteElo "2180"]
[BlackElo "2385"]
[PlyCount "72"]
[EventDate "1998.02.07"]

1. e4 c5 2. Nf3 d6 3. c3 Nf6 4. Be2 Nbd7 5. d3 g6 6. O-O Bg7 7. Nbd2 O-O 8. Re1
a6 9. a4 b6 10. d4 e6 11. b4 Bb7 12. Bd3 Qc7 13. Bb2 Rfe8 14. Qb1 c4 15. Nxc4
Nxe4 16. Rc1 Nef6 17. Ncd2 e5 18. dxe5 Nxe5 19. Nxe5 dxe5 20. f3 Nd5 21. Be4
Nf4 22. Re1 Rad8 23. Nf1 f5 24. Qa2+ Kh8 25. Bxb7 Qxb7 26. c4 Nd3 27. Red1 Nxb2
28. Qxb2 e4 29. Qb3 Bxa1 30. Rxa1 exf3 31. gxf3 Qg7 32. Rc1 Qd4+ 33. Kh1 Qf2
34. Qc3+ Kg8 35. c5 Re2 36. Qc4+ Kf8 0-1

[Event "VI Open Vallee d'Aoste A"]
[Site "Saint Vincent - Chatillon ITA"]
[Date "1998.02.14"]
[Round "8"]
[White "Djuric, Stefan"]
[Black "Caposciutti, Maurizio"]
[Result "1/2-1/2"]
[WhiteElo "2520"]
[BlackElo "2310"]
[PlyCount "90"]
[EventDate "1998.02.07"]

1. d4 Nf6 2. c4 a6 3. g3 c5 4. dxc5 e6 5. Bg2 Bxc5 6. Nf3 O-O 7. O-O Nc6 8. Nc3
d5 9. cxd5 exd5 10. Bg5 d4 11. Bxf6 Qxf6 12. Ne4 Qe7 13. Nxc5 Qxc5 14. Rc1 Qb6
15. Qc2 h6 16. Rfd1 Be6 17. b3 a5 18. Rd2 Rfd8 19. Qd1 Rd7 20. h3 Rad8 21. Kh2
Bd5 22. Kg1 Be4 23. Ne5 Nxe5 24. Bxe4 Qe6 25. Bg2 h5 26. h4 b6 27. Qf1 Ng4 28.
Bf3 g6 29. Rc6 Qf5 30. Bg2 Rd6 31. Rxd6 Rxd6 32. Bh3 Rf6 33. Rxd4 Qxf2+ 34.
Qxf2 Nxf2 35. Bd7 Kg7 36. Kg2 Kf8 37. a3 Ke7 38. Bc8 Kf8 39. b4 axb4 40. axb4
Kg7 41. b5 Kh6 42. Bd7 Kg7 43. Bc8 Kh6 44. Bd7 Kg7 45. Bc8 Kh6 1/2-1/2

[Event "VI Open Vallee d'Aoste A"]
[Site "Saint Vincent - Chatillon ITA"]
[Date "1998.02.14"]
[Round "8"]
[White "Faccia, Sergio"]
[Black "Guerrieri, Lorenzo"]
[Result "0-1"]
[WhiteElo "2065"]
[BlackElo "2185"]
[PlyCount "66"]
[EventDate "1998.02.07"]

1. e4 e5 2. d4 exd4 3. Bc4 Nf6 4. Nf3 Nc6 5. O-O Bc5 6. e5 d5 7. exf6 dxc4 8.
Re1+ Be6 9. Ng5 Qd5 10. Nc3 Qf5 11. Nce4 O-O-O 12. g4 Qe5 13. Nf3 Qd5 14. fxg7
Bxg4 15. gxh8=Q Rxh8 16. h3 Bh5 17. Nf6 Qxf3 18. Qxf3 Bxf3 19. c3 d3 20. Re8+
Rxe8 21. Nxe8 Ne5 22. Bf4 Ng6 23. Bg5 Be2 24. b4 Ne5 25. Bf4 Nf3+ 26. Kg2 Be7
27. a4 Bg5 28. Bxg5 Nxg5 29. f4 Ne4 30. Nf6 Nxf6 31. Kf2 Ne4+ 32. Ke3 Nxc3 33.
Kd2 Nd5 0-1

[Event "VI Open Vallee d'Aoste A"]
[Site "Saint Vincent - Chatillon ITA"]
[Date "1998.02.14"]
[Round "8"]
[White "Franco Ocampos, Zenon"]
[Black "Zelcic, Robert"]
[Result "1/2-1/2"]
[WhiteElo "2465"]
[BlackElo "2540"]
[PlyCount "150"]
[EventDate "1998.02.07"]

1. d4 Nf6 2. Nf3 e6 3. c4 Bb4+ 4. Nbd2 b6 5. a3 Bxd2+ 6. Qxd2 Bb7 7. e3 O-O 8.
Be2 Ne4 9. Qc2 f5 10. O-O d6 11. Ne1 Nd7 12. f3 Ng5 13. Nd3 Kh8 14. b4 e5 15.
dxe5 dxe5 16. Nf2 Qe7 17. Bb2 Ne6 18. Rad1 Rad8 19. Rd2 c5 20. Rfd1 f4 21. exf4
Rxf4 22. Qa4 Nd4 23. Bxd4 exd4 24. Qxa7 Ba8 25. Qc7 Rff8 26. bxc5 bxc5 27. Bd3
Qg5 28. Qg3 Qxg3 29. hxg3 Bc6 30. Re1 Rfe8 31. Rde2 Nb6 32. Rxe8+ Bxe8 33. Ne4
Bf7 34. Nxc5 Bxc4 35. Rb1 Bxd3 36. Nxd3 Nc4 37. a4 h6 38. Rb4 Rc8 39. Kf2 Kg8
40. f4 h5 41. Rb5 Nd6 42. Rd5 Ne4+ 43. Kf3 Nd2+ 44. Ke2 Nb3 45. Rxh5 Rc2+ 46.
Kf3 Nd2+ 47. Kg4 Rc3 48. Nf2 Nc4 49. Ne4 Ne3+ 50. Kf3 Ra3 51. Rc5 Rxa4 52. Ng5
Ra8 53. Ke4 Rd8 54. Nf3 Nf1 55. Nxd4 Nxg3+ 56. Ke5 Rd7 57. f5 Ne2 58. Ne6 Ng3
59. Rc8+ Kf7 60. Ng5+ Ke7 61. Rg8 Nh5 62. g4 Rd5+ 63. Kxd5 Nf6+ 64. Ke5 Nxg8
65. Ne6 Nf6 66. g5 Nd7+ 67. Kd5 g6 68. fxg6 Nb6+ 69. Ke5 Nc4+ 70. Kd4 Kxe6 71.
Kxc4 Ke7 72. Kd5 Kf8 73. Ke6 Kg8 74. Ke5 Kg7 75. Kf5 Kg8 1/2-1/2

[Event "VI Open Vallee d'Aoste A"]
[Site "Saint Vincent - Chatillon ITA"]
[Date "1998.02.14"]
[Round "8"]
[White "Godena, Michele"]
[Black "Efimov, Igor"]
[Result "1/2-1/2"]
[WhiteElo "2500"]
[BlackElo "2525"]
[PlyCount "81"]
[EventDate "1998.02.07"]

1. e4 c5 2. c3 e6 3. Nf3 d5 4. exd5 exd5 5. d4 Nc6 6. Bb5 Bd6 7. dxc5 Bxc5 8.
O-O Nge7 9. Nbd2 O-O 10. Nb3 Bd6 11. Bd3 Ng6 12. Bg5 Nce7 13. Re1 h6 14. Be3
Re8 15. Bc5 Bxc5 16. Nxc5 Bg4 17. h3 Bxf3 18. Qxf3 Qd6 19. Bxg6 Nxg6 20. Nb3
Re5 21. Rxe5 Qxe5 22. Rd1 Rd8 23. Nd4 Rd6 24. Qf5 Qe8 25. Kf1 Qa4 26. Re1 Qc4+
27. Kg1 Rf6 28. Qd7 Nf4 29. Nf5 Kh7 30. Ne7 Ne2+ 31. Kh1 Rxf2 32. Qe8 h5 33.
Qg8+ Kh6 34. Qh8+ Kg5 35. Qxg7+ Kh4 36. Rxe2 Qxe2 37. Qd4+ Kg3 38. Qg7+ Kh4 39.
Qd4+ Kg3 40. Qg7+ Kh4 41. Qd4+ 1/2-1/2

[Event "VI Open Vallee d'Aoste A"]
[Site "Saint Vincent - Chatillon ITA"]
[Date "1998.02.14"]
[Round "8"]
[White "Hohler, Peter"]
[Black "Vallejo Pons, Francisco"]
[Result "0-1"]
[WhiteElo "2230"]
[BlackElo "2415"]
[PlyCount "72"]
[EventDate "1998.02.07"]

1. Nf3 g6 2. d4 f5 3. g3 Bg7 4. Bg2 Nf6 5. O-O O-O 6. c4 d6 7. Nc3 Nc6 8. d5
Ne5 9. Nd2 c5 10. b3 a6 11. Bb2 Qe8 12. Nf3 Nxf3+ 13. Bxf3 b5 14. Qd2 Rb8 15.
Rab1 bxc4 16. bxc4 Rb4 17. a3 Rxc4 18. Qd3 Rd4 19. Qc2 f4 20. Ne4 Qa4 21. Qxa4
Rxa4 22. Nc3 Rc4 23. e3 fxe3 24. fxe3 Bg4 25. Bg2 Bf5 26. Rbc1 Bh6 27. Rfe1 Ng4
28. Nd1 Rxc1 29. Bxc1 Ne5 30. Nf2 Rb8 31. Bd2 Nc4 32. Bc3 Rb3 33. Nd1 Bc2 34.
Bh3 Bxd1 35. Ba1 Bxe3+ 36. Kg2 Bf3+ 0-1

[Event "VI Open Vallee d'Aoste A"]
[Site "Saint Vincent - Chatillon ITA"]
[Date "1998.02.14"]
[Round "8"]
[White "Luther, Thomas"]
[Black "Cebalo, Miso"]
[Result "1/2-1/2"]
[WhiteElo "2510"]
[BlackElo "2515"]
[PlyCount "42"]
[EventDate "1998.02.07"]

1. e4 c5 2. Nf3 d6 3. d4 cxd4 4. Nxd4 Nf6 5. Nc3 g6 6. Be3 Bg7 7. f3 Nc6 8. Qd2
Bd7 9. O-O-O Rc8 10. Kb1 a6 11. Nd5 O-O 12. g4 Nxd5 13. exd5 Nxd4 14. Bxd4 Bxd4
15. Qxd4 e5 16. dxe6 Bxe6 17. Bd3 Qg5 18. a3 Qd5 19. Qxd5 Bxd5 20. Rhf1 Bc6 21.
Kc1 Rfe8 1/2-1/2

[Event "VI Open Vallee d'Aoste A"]
[Site "Saint Vincent - Chatillon ITA"]
[Date "1998.02.14"]
[Round "8"]
[White "Manca, Federico"]
[Black "Farago, Ivan"]
[Result "1/2-1/2"]
[WhiteElo "2375"]
[BlackElo "2475"]
[PlyCount "86"]
[EventDate "1998.02.07"]

1. e4 c5 2. c3 d5 3. exd5 Qxd5 4. d4 Nf6 5. Nf3 Bg4 6. Be2 e6 7. h3 Bh5 8. O-O
Nc6 9. Be3 cxd4 10. cxd4 Be7 11. Nc3 Qd6 12. Qb3 O-O 13. Rfd1 Rfd8 14. Rac1 Qb4
15. Qxb4 Nxb4 16. g4 Bg6 17. Ne5 Nbd5 18. Bf3 Nxc3 19. Rxc3 Be4 20. Bxe4 Nxe4
21. Rb3 Bd6 22. Nc4 b6 23. Rbd3 Rac8 24. b3 Bf8 25. f3 Nd6 26. d5 Nxc4 27. bxc4
Re8 28. dxe6 Rxe6 29. Bf2 Rxc4 30. Rd8 Rec6 31. Ra8 Rc1 32. Rxc1 Rxc1+ 33. Kg2
Rc7 34. Bg3 Rd7 35. Be1 a5 36. Bf2 Rd6 37. a4 f6 38. Rb8 Rd2 39. Kf1 Kf7 40.
Bxb6 Bb4 41. Rb7+ Kg6 42. Ra7 Ra2 43. Bxa5 Rxa4 1/2-1/2

[Event "VI Open Vallee d'Aoste A"]
[Site "Saint Vincent - Chatillon ITA"]
[Date "1998.02.14"]
[Round "8"]
[White "Martorelli, Antonio"]
[Black "Genocchio, Daniele"]
[Result "0-1"]
[WhiteElo "2405"]
[BlackElo "2155"]
[PlyCount "90"]
[EventDate "1998.02.07"]

1. c4 f5 2. d4 Nf6 3. g3 g6 4. Bg2 Bg7 5. Nc3 O-O 6. Bg5 d6 7. Qb3 Nc6 8. Nf3
Ne4 9. c5+ Kh8 10. Be3 dxc5 11. dxc5 Nxc3 12. bxc3 e5 13. h4 h6 14. Bg5 Qe8 15.
Be3 Be6 16. Qxb7 Na5 17. Qa6 Nc4 18. Ng5 e4 19. Nxe6 Bxc3+ 20. Kf1 Nxe3+ 21.
fxe3 Rf6 22. Qa3 Bxa1 23. Nxc7 Qb8 24. Nxa8 Be5 25. Qb3 Qxa8 26. Kf2 Qc8 27.
Qd5 Qc7 28. Rb1 Bxg3+ 29. Kf1 Rc6 30. h5 Rxc5 31. Qa8+ Kg7 32. Bxe4 Rc1+ 33.
Rxc1 Qxc1+ 34. Kg2 Qxe3 35. Qb7+ Kf6 36. Qc6+ Ke5 37. Qe8+ Kf4 38. Qb8+ Kxe4
39. Qxg3 Qxg3+ 40. Kxg3 g5 41. Kf2 f4 42. a4 a5 43. Kg2 Ke3 44. Kf1 g4 45. Ke1
f3 0-1

[Event "VI Open Vallee d'Aoste A"]
[Site "Saint Vincent - Chatillon ITA"]
[Date "1998.02.14"]
[Round "8"]
[White "Naumkin, Igor"]
[Black "Anceschi, Vittorio"]
[Result "1-0"]
[WhiteElo "2435"]
[BlackElo "2290"]
[PlyCount "63"]
[EventDate "1998.02.07"]

1. d4 f5 2. Nf3 Nf6 3. Bg5 Ne4 4. Bf4 d5 5. c4 e6 6. e3 c6 7. Bd3 Nd7 8. h3
Ndf6 9. O-O Bd6 10. Ne5 Bxe5 11. Bxe5 O-O 12. f3 Nd6 13. Nd2 Nf7 14. Bh2 b6 15.
Rc1 c5 16. Nb3 Qe7 17. dxc5 bxc5 18. cxd5 exd5 19. Nxc5 Qxe3+ 20. Kh1 f4 21.
Re1 Qf2 22. Bxf4 Nh5 23. Re2 Qh4 24. Bh2 Bxh3 25. Qe1 Qf6 26. gxh3 Qxf3+ 27.
Rg2 Rae8 28. Qf2 Re3 29. Qxf3 Rxf3 30. Be2 Rxh3 31. Bxh5 Rxh5 32. Ne6 1-0

[Event "VI Open Vallee d'Aoste A"]
[Site "Saint Vincent - Chatillon ITA"]
[Date "1998.02.14"]
[Round "8"]
[White "Rossi, Carlo"]
[Black "Borgo, Giulio"]
[Result "1-0"]
[WhiteElo "2330"]
[BlackElo "2430"]
[PlyCount "83"]
[EventDate "1998.02.07"]

1. e4 c5 2. Nf3 e6 3. d4 cxd4 4. Nxd4 Nc6 5. Nb5 d6 6. c4 Nf6 7. N5c3 b6 8. Be2
Bb7 9. O-O Be7 10. f4 Rc8 11. Bf3 O-O 12. b3 a6 13. Bb2 b5 14. cxb5 axb5 15.
Kh1 b4 16. Na4 e5 17. f5 Nd4 18. Bxd4 exd4 19. Nd2 d5 20. e5 Ne4 21. f6 gxf6
22. Bg4 fxe5 23. Nxe4 dxe4 24. Bf5 Qd6 25. Qg4+ Kh8 26. Qh5 h6 27. Bxc8 Bxc8
28. Rxf7 Rxf7 29. Qxf7 Be6 30. Qe8+ Kg7 31. Nb6 Bf7 32. Qb5 Qc5 33. Qd7 Qd6 34.
Qb7 e3 35. Nc8 Bd5 36. Qxe7+ Qxe7 37. Nxe7 Be4 38. Kg1 d3 39. Kf1 Kf6 40. Nc8
Ke6 41. Nb6 Kf5 42. Nc4 1-0

[Event "VI Open Vallee d'Aoste A"]
[Site "Saint Vincent - Chatillon ITA"]
[Date "1998.02.14"]
[Round "8"]
[White "Tagliagambe, Stefano"]
[Black "Diena, Giovanni"]
[Result "1-0"]
[WhiteElo "1768"]
[BlackElo "1906"]
[PlyCount "99"]
[EventDate "1998.02.07"]

1. e4 e5 2. f4 Nc6 3. Nf3 d6 4. Bb5 exf4 5. d4 Bd7 6. O-O Be7 7. Bxf4 Nf6 8.
Nc3 O-O 9. Qd2 a6 10. Bd3 Nb4 11. Rae1 Nxd3 12. Qxd3 b5 13. Ne2 d5 14. e5 Ne4
15. Ng3 Nxg3 16. Bxg3 c5 17. c3 Rc8 18. h4 cxd4 19. cxd4 Qb6 20. Bf4 b4 21. Qe3
Rc4 22. h5 h6 23. Qd3 Qe6 24. Nd2 Rc6 25. Re3 Rfc8 26. Rg3 Rc2 27. Qe3 Kh8 28.
Bxh6 gxh6 29. Rf6 Bf8 30. Rxe6 Bxe6 31. Nf3 Rc1+ 32. Kh2 Rd1 33. Nh4 Rcc1 34.
Rf3 Rh1+ 35. Kg3 Rce1 36. Qf4 Re4 37. Qf6+ Bg7 38. Qd8+ Kh7 39. Nf5 Rxh5 40.
Ne7 Rg4+ 41. Kf2 Bh8 42. Nxd5 Rhg5 43. Ne3 Rg8 44. Qb6 R4g6 45. Qxb4 Bg7 46. d5
Bf8 47. Qe4 Bd7 48. Rxf7+ R8g7 49. Rxf8 Bb5 50. e6 1-0

[Event "VI Open Vallee d'Aoste A"]
[Site "Saint Vincent - Chatillon ITA"]
[Date "1998.02.14"]
[Round "8"]
[White "Van den Doel, Erik"]
[Black "Belotti, Bruno"]
[Result "1/2-1/2"]
[WhiteElo "2485"]
[BlackElo "2420"]
[PlyCount "35"]
[EventDate "1998.02.07"]

1. e4 c5 2. Nf3 d6 3. d4 cxd4 4. Nxd4 Nf6 5. Nc3 a6 6. Be3 e6 7. g4 h6 8. f4
Nc6 9. h3 d5 10. e5 Nd7 11. Qd3 Bb4 12. Bg2 Nc5 13. Qd2 Na5 14. b3 Na4 15. bxa4
Nc4 16. Qd3 Nb2 17. Qd2 Nc4 18. Qd3 1/2-1/2

[Event "VI Open Vallee d'Aoste A"]
[Site "Saint Vincent - Chatillon ITA"]
[Date "1998.02.14"]
[Round "8"]
[White "Van der Werf, Mark"]
[Black "Lacrosse, Marc"]
[Result "1-0"]
[WhiteElo "2420"]
[BlackElo "2280"]
[PlyCount "91"]
[EventDate "1998.02.07"]

1. d4 d5 2. c4 e6 3. Nf3 Nf6 4. Nc3 c6 5. Bg5 Nbd7 6. e3 Qa5 7. cxd5 Nxd5 8.
Qb3 Bb4 9. Rc1 h6 10. Bh4 O-O 11. Bd3 b6 12. O-O Nxc3 13. bxc3 Bd6 14. Bb1 Re8
15. e4 Ba6 16. Rfe1 e5 17. Rcd1 Be7 18. Bg3 Bf6 19. a4 Re7 20. Ba2 Rae8 21. Nh4
Bxh4 22. Bxh4 g5 23. Bg3 Kg7 24. f3 c5 25. Bf2 cxd4 26. cxd4 exd4 27. Bxd4+ f6
28. Bc3 Qc5+ 29. Kh1 Qc7 30. Rd5 Bb7 31. Rd4 Nc5 32. Qb2 Bc6 33. Rc4 Qd6 34.
Rd4 Qc7 35. Rdd1 Rf8 36. e5 f5 37. e6+ Kg6 38. Be5 Nxa4 39. Qc2 Qb7 40. Bd6 Nc5
41. Bxe7 Qxe7 42. Rd4 h5 43. h3 h4 44. Qe2 Bb7 45. Qe5 Re8 46. Rd6 1-0

[Event "VI Open Vallee d'Aoste A"]
[Site "Saint Vincent - Chatillon ITA"]
[Date "1998.02.15"]
[Round "9"]
[White "Anceschi, Vittorio"]
[Black "De Kleuver, Esther"]
[Result "0-1"]
[WhiteElo "2290"]
[BlackElo "2180"]
[PlyCount "74"]
[EventDate "1998.02.07"]

1. e4 c5 2. Nc3 Nc6 3. g3 g6 4. Bg2 Bg7 5. d3 d6 6. Be3 Rb8 7. Qd2 b5 8. f4 b4
9. Nd1 e6 10. Ne2 Nd4 11. Nc1 Ne7 12. O-O O-O 13. Rf2 Qd7 14. Nb3 Qc7 15. Bxd4
cxd4 16. a3 Nc6 17. axb4 Nxb4 18. Na5 Rb5 19. Nc4 a5 20. Ra3 Nc6 21. Ra1 Nb4
22. Ra4 Nc6 23. Na3 Rc5 24. c4 dxc3 25. bxc3 Bd7 26. Rc4 Rxc4 27. Nxc4 Ne7 28.
Qa2 a4 29. Qa3 d5 30. Ncb2 Re8 31. e5 Ra8 32. d4 Be8 33. Nd3 Nc6 34. Qa1 Na5
35. Rb2 Nc4 36. Ra2 a3 37. Kf2 Ba4 0-1

[Event "VI Open Vallee d'Aoste A"]
[Site "Saint Vincent - Chatillon ITA"]
[Date "1998.02.15"]
[Round "9"]
[White "Belotti, Bruno"]
[Black "Luther, Thomas"]
[Result "1/2-1/2"]
[WhiteElo "2420"]
[BlackElo "2510"]
[PlyCount "56"]
[EventDate "1998.02.07"]

1. e4 e6 2. d4 d5 3. Nc3 Nf6 4. e5 Nfd7 5. f4 c5 6. Nf3 Nc6 7. Be3 cxd4 8. Nxd4
Bc5 9. Qd2 O-O 10. O-O-O a6 11. h4 Nxd4 12. Bxd4 b5 13. h5 b4 14. Na4 Bxd4 15.
Qxd4 Qa5 16. b3 Bb7 17. Kb1 Bc6 18. Nb2 Qc5 19. Qd2 a5 20. Rh3 f6 21. Rg3 Qe7
22. Nd3 Bb5 23. h6 g6 24. f5 Bxd3 25. Bxd3 exf5 26. Bxf5 Nxe5 27. Qxd5+ Kh8 28.
Qe6 Rae8 1/2-1/2

[Event "VI Open Vallee d'Aoste A"]
[Site "Saint Vincent - Chatillon ITA"]
[Date "1998.02.15"]
[Round "9"]
[White "Cebalo, Miso"]
[Black "Arlandi, Ennio"]
[Result "1/2-1/2"]
[WhiteElo "2515"]
[BlackElo "2425"]
[PlyCount "63"]
[EventDate "1998.02.07"]

1. d4 Nf6 2. Nf3 e6 3. c4 d5 4. Nc3 Bb4 5. Bg5 Nbd7 6. cxd5 exd5 7. e3 c5 8.
Bd3 Qa5 9. Qc2 c4 10. Bf5 O-O 11. O-O Re8 12. Nd2 g6 13. Bh3 Bxc3 14. Qxc3 Qxc3
15. bxc3 Ne4 16. Nxe4 dxe4 17. Bg4 Nb6 18. Be2 Be6 19. a4 Nd5 20. Ra3 Rac8 21.
Rb1 b6 22. Kf1 a6 23. Bd1 Kg7 24. Bh4 h6 25. Bg3 g5 26. Bc2 Bf5 27. Ke2 f6 28.
Kd2 Bg6 29. Raa1 Rc6 30. Bd1 h5 31. h4 g4 32. Be2 1/2-1/2

[Event "VI Open Vallee d'Aoste A"]
[Site "Saint Vincent - Chatillon ITA"]
[Date "1998.02.15"]
[Round "9"]
[White "Farago, Ivan"]
[Black "Rossi, Carlo"]
[Result "1/2-1/2"]
[WhiteElo "2475"]
[BlackElo "2330"]
[PlyCount "103"]
[EventDate "1998.02.07"]

1. d4 Nc6 2. Nf3 d6 3. e4 Nf6 4. Nc3 Bg4 5. Be3 e6 6. h3 Bh5 7. d5 Ne7 8. Bg5
e5 9. Bb5+ c6 10. dxc6 Nxc6 11. Bxf6 gxf6 12. Qd5 Rc8 13. g4 Bg6 14. O-O-O a6
15. Be2 b5 16. Kb1 Qb6 17. Rhf1 Be7 18. Nd2 Nd4 19. Bd3 Qb8 20. Nb3 Ne6 21. Ne2
Qb6 22. Nd2 Kf8 23. f4 Rc5 24. Qb3 exf4 25. c3 Rc8 26. Nxf4 Nxf4 27. Rxf4 d5
28. Rf3 d4 29. c4 b4 30. Rdf1 Qc5 31. Qa4 Ra8 32. Qd7 Rd8 33. Qb7 h5 34. Qxa6
hxg4 35. hxg4 Qg5 36. Nb3 Qxg4 37. Rxf6 Kg7 38. R6f4 Qg2 39. Qb7 Rh2 40. R4f2
Qg3 41. Rf3 Qg2 42. R3f2 Qg3 43. Qxe7 Rxf2 44. Rxf2 Qxd3+ 45. Kc1 Qe3+ 46. Rd2
Rh8 47. Nc5 Rh1+ 48. Kc2 b3+ 49. axb3 Qe1 50. Qe5+ Kg8 51. Qb8+ Kg7 52. Qe5+
1/2-1/2

[Event "VI Open Vallee d'Aoste A"]
[Site "Saint Vincent - Chatillon ITA"]
[Date "1998.02.15"]
[Round "9"]
[White "Guerrieri, Lorenzo"]
[Black "Botsari, Anna-Maria"]
[Result "1-0"]
[WhiteElo "2185"]
[BlackElo "2325"]
[PlyCount "121"]
[EventDate "1998.02.07"]

1. e4 c5 2. c3 Nf6 3. e5 Nd5 4. d4 cxd4 5. Nf3 Nc6 6. Bc4 Nb6 7. Bb3 d5 8. exd6
Qxd6 9. O-O Bf5 10. Nxd4 Nxd4 11. cxd4 g6 12. Nc3 Bg7 13. Qf3 O-O 14. Qxb7 Rfb8
15. Qf3 Qxd4 16. Nd5 Be4 17. Nxe7+ Kh8 18. Qxf7 Rf8 19. Qe6 Rf6 20. Qh3 Re8 21.
Be3 Qe5 22. Rad1 Qxe7 23. Bg5 Bf5 24. Qg3 h6 25. Bxf6 Bxf6 26. Qf4 Kh7 27. Qd2
Qg7 28. Rfe1 Rd8 29. Qb4 Rxd1 30. Bxd1 Nd5 31. Qc4 Nc7 32. b4 Qd7 33. Bb3 h5
34. h3 h4 35. a4 Kh6 36. b5 Ne8 37. a5 Nd6 38. Qd5 Nxb5 39. Qxd7 Bxd7 40. Ba4
a6 41. Re2 Kg7 42. Rc2 Be8 43. Rc8 Bd7 44. Rb8 Kf7 45. Rb6 Ke7 46. Rxa6 g5 47.
Rb6 Nd6 48. Bxd7 Kxd7 49. a6 Bd4 50. a7 Bxb6 51. a8=Q Bd8 52. g3 Bf6 53. Kg2
Ke6 54. Kf3 hxg3 55. fxg3 Nf7 56. Qe8+ Be7 57. Kg4 Ne5+ 58. Kh5 Kf6 59. Qg8 Kf5
60. g4+ Kf4 61. Qe6 1-0

[Event "VI Open Vallee d'Aoste A"]
[Site "Saint Vincent - Chatillon ITA"]
[Date "1998.02.15"]
[Round "9"]
[White "Guido, Flavio"]
[Black "Luciani, Valerio"]
[Result "0-1"]
[WhiteElo "2370"]
[BlackElo "2220"]
[PlyCount "68"]
[EventDate "1998.02.07"]

1. e4 e6 2. d4 d5 3. e5 c5 4. c3 Nc6 5. Nf3 Bd7 6. Be2 cxd4 7. cxd4 Nge7 8. Nc3
Ng6 9. h4 Be7 10. g3 O-O 11. h5 Nh8 12. O-O f6 13. exf6 Bxf6 14. Be3 Nf7 15.
Bd3 Nd6 16. Bb1 Be8 17. g4 Qe7 18. Kg2 Nc4 19. Bc1 g6 20. Re1 Qg7 21. h6 Qf7
22. b3 Bxd4 23. Nb5 Bxa1 24. bxc4 Ne5 25. Re3 Bxb5 26. cxb5 Nxg4 27. Rb3 Ne5
28. Ba3 Nxf3 29. Bxf8 Nh4+ 30. Kg3 Rxf8 31. Kxh4 Qxf2+ 32. Kh3 Rf4 33. Rg3 Bf6
34. Rxg6+ hxg6 0-1

[Event "VI Open Vallee d'Aoste A"]
[Site "Saint Vincent - Chatillon ITA"]
[Date "1998.02.15"]
[Round "9"]
[White "Luisetto, Alessandro"]
[Black "Rupel, David G."]
[Result "0-1"]
[WhiteElo "1789"]
[BlackElo "2105"]
[PlyCount "74"]
[EventDate "1998.02.07"]

1. g3 d5 2. Bg2 c6 3. Nf3 g6 4. O-O Bg7 5. c3 e5 6. d3 h6 7. Qc2 Be6 8. Nbd2
Ne7 9. e4 O-O 10. b3 d4 11. Bb2 Na6 12. Rad1 c5 13. Nc4 Nc6 14. a3 Rc8 15. Qb1
b5 16. Ncd2 dxc3 17. Bxc3 Nd4 18. Bxd4 cxd4 19. Rc1 Rc3 20. b4 Rxa3 21. Rc6 Qe7
22. Rfc1 Qxb4 23. Qc2 Ra2 24. Qd1 Bd7 25. Rb1 Bxc6 26. Rxb4 Nxb4 27. Qb1 a5 28.
Bh3 Re8 29. Nb3 Bf8 30. Nh4 Ra8 31. Qd1 a4 32. Nxg6 fxg6 33. Be6+ Kg7 34. Qf3
Be8 35. Nxd4 Ra1+ 36. Kg2 exd4 37. e5 Bc6 0-1

[Event "VI Open Vallee d'Aoste A"]
[Site "Saint Vincent - Chatillon ITA"]
[Date "1998.02.15"]
[Round "9"]
[White "Rosin, Federico"]
[Black "Van der Werf, Mark"]
[Result "0-1"]
[WhiteElo "2240"]
[BlackElo "2420"]
[PlyCount "54"]
[EventDate "1998.02.07"]

1. e4 c5 2. c3 g6 3. d4 cxd4 4. cxd4 d5 5. Nc3 dxe4 6. Nxe4 Bg7 7. Nf3 Nh6 8.
Bc4 O-O 9. O-O Bg4 10. Be3 Nf5 11. Qb3 Bxf3 12. gxf3 Nc6 13. Bxf7+ Rxf7 14. Ng5
Nd6 15. Nxf7 Nxf7 16. Qxb7 Nxd4 17. Rad1 Nd6 18. Qd5+ e6 19. Qc5 N6f5 20. Bxd4
Nxd4 21. Kg2 Rc8 22. Qb4 Qg5+ 23. Kh1 Qf4 24. Rfe1 Be5 25. Rxe5 Qxf3+ 26. Kg1
Qxd1+ 27. Kg2 Qf3+ 0-1

[Event "VI Open Vallee d'Aoste A"]
[Site "Saint Vincent - Chatillon ITA"]
[Date "1998.02.15"]
[Round "9"]
[White "Sedina, Elena"]
[Black "Naumkin, Igor"]
[Result "1-0"]
[WhiteElo "2380"]
[BlackElo "2435"]
[PlyCount "81"]
[EventDate "1998.02.07"]

1. e4 e6 2. d4 d5 3. e5 c5 4. c3 Nc6 5. Nf3 Bd7 6. Be2 cxd4 7. cxd4 Nh6 8. Bxh6
gxh6 9. Nc3 a6 10. O-O Bg7 11. Rc1 O-O 12. Na4 Rc8 13. Nc5 Rc7 14. Qd2 Bc8 15.
Nd3 f6 16. exf6 Qxf6 17. Nde5 h5 18. Rc5 Bh6 19. Qc3 Bd7 20. Nxc6 Rxc6 21. Rxc6
Bxc6 22. Bxa6 Ra8 23. Be2 Rxa2 24. Ne5 Ra8 25. Nxc6 bxc6 26. Qxc6 Rb8 27. Qc3
h4 28. Bg4 Bg7 29. Rd1 e5 30. Qc5 exd4 31. Qxd5+ Kh8 32. b3 Rf8 33. f3 Qb6 34.
Kh1 h6 35. Bf5 Rb8 36. Bc2 Rd8 37. Qf5 Kg8 38. Re1 Qf6 39. Qh7+ Kf8 40. Bd3 h3
41. Bc4 1-0

[Event "VI Open Vallee d'Aoste A"]
[Site "Saint Vincent - Chatillon ITA"]
[Date "1998.02.15"]
[Round "9"]
[White "Tatai, Stefano"]
[Black "Van den Doel, Erik"]
[Result "0-1"]
[WhiteElo "2385"]
[BlackElo "2485"]
[PlyCount "86"]
[EventDate "1998.02.07"]

1. e4 e5 2. Nf3 Nc6 3. Bb5 Nf6 4. O-O Nxe4 5. d4 Nd6 6. Bxc6 dxc6 7. dxe5 Nf5
8. Qxd8+ Kxd8 9. Nc3 Ke8 10. Ne2 Ne7 11. h3 h6 12. Re1 Ng6 13. Ng3 c5 14. c4
Be6 15. b3 a5 16. Be3 Kd7 17. Nh5 a4 18. g4 b6 19. Nh2 Ne7 20. f4 g6 21. Nf6+
Kc6 22. Nf3 Bg7 23. Ne4 Kb7 24. Red1 Nc6 25. Kf2 Ra7 26. Rab1 axb3 27. axb3
Ra2+ 28. Rd2 Ra3 29. Rc2 Rd8 30. Rd2 Rda8 31. Ng3 Bc8 32. Ne4 Kb8 33. Ke2 h5
34. gxh5 Bf5 35. Nfg5 Na5 36. Rd8+ Kb7 37. Rxa8 Kxa8 38. Rb2 gxh5 39. Bd2 Nxb3
40. Bc3 Nd4+ 41. Bxd4 cxd4 42. Kf2 Bxe4 43. Nxe4 Rxh3 0-1

[Event "VI Open Vallee d'Aoste A"]
[Site "Saint Vincent - Chatillon ITA"]
[Date "1998.02.15"]
[Round "9"]
[White "Vera Gonzalez-Quevedo, Reynaldo"]
[Black "Novikov, Igor A."]
[Result "1/2-1/2"]
[WhiteElo "2535"]
[BlackElo "2550"]
[PlyCount "27"]
[EventDate "1998.02.07"]

1. d4 d5 2. c4 c6 3. cxd5 cxd5 4. Nc3 Nf6 5. Bf4 Nc6 6. Nf3 Bf5 7. e3 e6 8. Bb5
Nd7 9. Qa4 Qb6 10. O-O Be7 11. Rfc1 O-O 12. Bxc6 bxc6 13. Nd1 Rfc8 14. Rc3
1/2-1/2